000 00521nam a2200193Ia 4500
005 20240823030355.0
008 240823s9999||||xx |||||||||||||| ||und||
020 _a81-239-1550-0
041 _aENGLISH
082 _A629.136 Q0
100 _aSubhash C Saxena.
245 0 _aAirport Engineering : Principles and Design
250 _a1st
260 _c2010
_b"CBS Publishers and Distributor (P) Ltd,Ch"
500 _aYES
650 _aAirport Engineering
_bAeronautical Engineering
942 _cBK
999 _c188547
_d188547